| 000 | 00752cam a2200241 a 4500 | ||
|---|---|---|---|
| 001 | 000019167 | ||
| 005 | 20200929165934.0 | ||
| 008 | 720208s1966 enk b 001 0 eng d | ||
| 040 |
_aDO-SdBNP _beng _cLC _dBNPHU |
||
| 082 |
_a325.3 _bP264e |
||
| 100 | 1 |
_aParry, J. H. _q(John Horace), _d1914- _941260 |
|
| 245 | 1 | 0 |
_aEurope and a wider world, 1415-1715 / _cJ. H. Parry. |
| 250 | _a3a ed. | ||
| 260 |
_aLondon : _bHutchinson University Library, _c1966. |
||
| 300 |
_a176 p. ; _c22 cm. |
||
| 490 | 1 | _aHistory | |
| 504 | _aIncluye referencias bibliográficas: p. [170]-172. | ||
| 650 | 4 |
_aColonización _xHistoria _941261 |
|
| 650 | 4 |
_aComercio _xHistoria _941262 |
|
| 830 | 0 |
_aHistory _941263 |
|
| 910 | _aCatalogación derivada / LC | ||
| 049 | _aBNGR | ||
| 999 |
_c18685 _d18685 |
||